[Event "Titled Tuesday intern op 12th Mar Early"]
[Site "Chess.com INT"]
[Date "2024.03.12"]
[Round "5"]
[White "Cuevas Araya, Walter"]
[Black "Santos, Renato Andrade"]
[Result "1/2-1/2"]
[WhiteElo "2008"]
[BlackElo "2140"]
[PlyCount "91"]
[EventDate "2024.03.12"]
[EventType "swiss (blitz)"]
[EventRounds "11"]
[EventCountry "USA"]
[SourceTitle "CB12_2024"]
[SourceDate "2023.10.01"]
[SourceVersion "1"]
[SourceVersionDate "2023.10.01"]
[SourceQuality "1"]

1. e4 c5 2. b4 cxb4 3. a3 bxa3 4. Bxa3 Nc6 5. Nf3 d6 6. Nc3 Nf6 7. Bc4 Bg4 8. h3 Bxf3 9. Qxf3 e6 10. 0-0 Be7 11. Bb5 0-0 12. Bxc6 bxc6 13. d4 Rb8 14. e5 dxe5 15. Bxe7 Qxe7 16. dxe5 Nd5 17. Ne4 Rb2 18. c4 f5 19. cxd5 fxe4 20. d6 exf3 21. dxe7 Re8 22. Rxa7 fxg2 23. Kxg2 Kf7 24. Rc1 Rb6 25. Rc7 Rxe7 26. R1xc6 Rxc6 27. Rxc6 Kg6 28. Kg3 Kf5 29. Rc5 g5 30. f3 h5 31. h4 gxh4+ 32. Kxh4 Kf4 33. Kxh5 Kf5 34. Kh4 Kf4 35. Kh5 Kf5 36. Kh6 Ra7 37. Rb5 Rd7 38. Rc5 Rd3 39. Kg7 Rxf3 40. Kf7 Ra3 41. Ke7 Ra7+ 42. Kd6 Ra6+ 43. Kd7 Ra7+ 44. Kd6 Ra6+ 45. Kd7 Ra7+ 46. Kd6 1/2-1/2

[Event "Asia-ch U20"]
[Site "Tagaytay City"]
[Date "2014.11.30"]
[Round "2"]
[White "Rilloraza, Istraelito"]
[Black "Santos, Renato Andrade"]
[Result "1-0"]
[WhiteElo "1736"]
[BlackElo "2140"]
[PlyCount "23"]
[EventDate "2014.11.29"]
[EventType "swiss"]
[EventRounds "9"]
[EventCountry "PHI"]
[SourceTitle "EXT 2016"]
[Source "ChessBase"]
[SourceDate "2015.10.08"]
[SourceVersion "1"]
[SourceVersionDate "2015.10.08"]
[SourceQuality "1"]

1. Nf3 Nc6 2. d4 d5 3. c4 dxc4 4. e3 Bf5 5. Bxc4 Na5 6. Qa4+ Nc6 7. Ne5 e6 8. Nxc6 bxc6 9. Qxc6+ Ke7 10. e4 Bg6 11. Bg5+ f6 12. Qxe6# 1-0

[Event "Maringa op 4th"]
[Site "Maringa"]
[Date "2014.08.22"]
[Round "5"]
[White "Santos, Renato Andrade"]
[Black "Pontes, Ailton"]
[Result "1/2-1/2"]
[WhiteElo "2180"]
[BlackElo "1975"]
[PlyCount "37"]
[EventDate "2014.08.20"]
[EventType "swiss"]
[EventRounds "9"]
[EventCountry "BRA"]
[SourceTitle "EXT 2015"]
[Source "ChessBase"]
[SourceDate "2014.11.20"]
[SourceVersion "1"]
[SourceVersionDate "2014.11.20"]
[SourceQuality "1"]

1. d4 Nf6 2. Nf3 d5 3. e3 e6 4. Bd3 c5 5. b3 Nc6 6. Bb2 cxd4 7. exd4 Bb4+ 8. c3 Bd6 9. 0-0 0-0 10. Nbd2 e5 11. dxe5 Nxe5 12. Nxe5 Bxe5 13. Nf3 Bg4 14. Be2 Bc7 15. c4 dxc4 16. Bxc4 Qxd1 17. Rfxd1 Bxf3 18. gxf3 Rad8 19. Ba3 1/2-1/2

[Event "Maringa op 3rd"]
[Site "Maringa"]
[Date "2013.07.27"]
[Round "6"]
[White "Barbosa, Jefferson Lucas Mun"]
[Black "Santos, Renato Andrade"]
[Result "1/2-1/2"]
[WhiteElo "1914"]
[BlackElo "2188"]
[PlyCount "85"]
[EventDate "2013.07.24"]
[EventType "swiss"]
[EventRounds "8"]
[EventCountry "BRA"]
[SourceTitle "CBM 155 Extra"]
[Source "ChessBase"]
[SourceDate "2013.08.26"]
[SourceVersion "1"]
[SourceVersionDate "2013.08.26"]
[SourceQuality "1"]

1. e4 e5 2. Nf3 Nc6 3. Bb5 a6 4. Bxc6 dxc6 5. 0-0 f6 6. d4 exd4 7. Nxd4 c5 8. Nb3 Qxd1 9. Rxd1 Bg4 10. f3 Be6 11. Be3 c4 12. Nc5 Bxc5 13. Bxc5 Rd8 14. Nc3 Nh6 15. Kf2 Nf7 16. Ke3 Rd7 17. Ne2 Ne5 18. Nd4 Bf7 19. Nf5 Rg8 20. h3 b6 21. Bb4 Nc6 22. Be1 Ne7 23. Nd4 Kd8 24. Bg3 Kc8 25. Ne2 Rgd8 26. Rxd7 Rxd7 27. Be1 c5 28. Bc3 Nc6 29. a3 b5 30. h4 a5 31. g4 b4 32. Be1 Nd4 33. Rc1 Nxe2 34. Kxe2 c3 35. b3 c4 36. bxc4 Bxc4+ 37. Ke3 bxa3 38. Bxc3 a4 39. Ra1 a2 40. g5 fxg5 41. hxg5 g6 42. f4 Be6 43. Bd4 1/2-1/2

[Event "Maringa op 3rd"]
[Site "Maringa"]
[Date "2013.07.27"]
[Round "7"]
[White "Chaves, Jorge Antonio Torre"]
[Black "Santos, Renato Andrade"]
[Result "0-1"]
[WhiteElo "2010"]
[BlackElo "2188"]
[PlyCount "119"]
[EventDate "2013.07.24"]
[EventType "swiss"]
[EventRounds "8"]
[EventCountry "BRA"]
[SourceTitle "CBM 155 Extra"]
[Source "ChessBase"]
[SourceDate "2013.08.26"]
[SourceVersion "1"]
[SourceVersionDate "2013.08.26"]
[SourceQuality "1"]

1. e4 c5 2. Nf3 g6 3. d3 Bg7 4. g3 Nc6 5. Bg2 d6 6. Nbd2 Nf6 7. 0-0 0-0 8. Re1 e5 9. a4 h6 10. Nc4 Be6 11. h3 Qc7 12. Ne3 d5 13. exd5 Nxd5 14. Nc4 Rfe8 15. Nh2 f5 16. Bd2 Rad8 17. Qc1 Kh7 18. a5 Ndb4 19. Bxc6 Nxc6 20. Ra4 b5 21. axb6 axb6 22. Na3 Nd4 23. Nc4 Bc8 24. c3 Nc6 25. Na3 Rxd3 26. Rh4 f4 27. Bxf4 exf4 28. Rxe8 fxg3 29. Ng4 gxf2+ 30. Kf1 Bxg4 31. hxg4 Ne7 32. Qc2 Qg3 33. Rh1 Qf3 34. Rh2 Rd1+ 35. Qxd1 Qxd1+ 36. Kxf2 Nd5 37. Nc4 Qxg4 38. Nd2 Be5 39. Rxe5 Qf4+ 40. Nf3 Nf6 41. Re7+ Kg8 42. Ke2 g5 43. Rh1 g4 44. Nd2 Kf8 45. Re6 Kf7 46. Rxf6+ Kxf6 47. Rf1 Ke5 48. Rxf4 Kxf4 49. Kf2 h5 50. Nf1 h4 51. Kg2 Ke4 52. Nh2 Kd3 53. Nxg4 Kc2 54. b4 c4 55. Ne3+ Kxc3 56. Nd5+ Kb3 57. Nxb6 c3 58. Nd7 c2 59. Nc5+ Kc4 60. Ne4 0-1

[Event "Assis 1st"]
[Site "Assis"]
[Date "2010.05.30"]
[Round "2.2"]
[White "Perdomo, Leandro Daniel"]
[Black "Santos, Renato Andrade"]
[Result "1/2-1/2"]
[WhiteElo "2377"]
[BlackElo "2211"]
[PlyCount "57"]
[EventDate "2010.05.29"]
[EventType "tourn"]
[EventRounds "14"]
[EventCountry "BRA"]
[SourceTitle "EXT 2022"]
[Source "ChessBase"]
[SourceDate "2021.10.06"]
[SourceVersion "1"]
[SourceVersionDate "2021.10.06"]
[SourceQuality "1"]

1. d4 e6 2. c4 f5 3. Nc3 Nf6 4. Nf3 d5 5. Bf4 c6 6. e3 Be7 7. Bd3 0-0 8. Qc2 Ne4 9. g4 g5 10. Bg3 Nxc3 11. bxc3 dxc4 12. Bxc4 f4 13. Bd3 h6 14. Bh7+ Kh8 15. Ne5 fxg3 16. Bg8 gxf2+ 17. Ke2 Kxg8 18. Qg6+ Kh8 19. Qxh6+ Kg8 20. Qg6+ Kh8 21. h4 gxh4 22. Qh6+ Kg8 23. Qg6+ Kh8 24. g5 Bxg5 25. Rxh4+ Bxh4 26. Qh6+ Kg8 27. Qg6+ Kh8 28. Qh6+ Kg8 29. Qg6+ 1/2-1/2

[Event "Birigui IRT Semana Olimpica SESC"]
[Site "Birigui"]
[Date "2008.06.22"]
[Round "6.2"]
[White "Narvaez, Eduardo De Oliveira"]
[Black "Santos, Renato Andrade"]
[Result "1-0"]
[WhiteElo "2031"]
[BlackElo "2259"]
[PlyCount "49"]
[EventDate "2008.06.20"]
[EventType "swiss"]
[EventRounds "6"]
[EventCountry "BRA"]
[SourceTitle "EXT 2022"]
[Source "ChessBase"]
[SourceDate "2021.10.06"]
[SourceVersion "1"]
[SourceVersionDate "2021.10.06"]
[SourceQuality "1"]

1. d4 Nf6 2. Nf3 g6 3. c4 c5 4. d5 b5 5. cxb5 a6 6. b6 Qxb6 7. Nc3 d6 8. Nd2 Bg7 9. e4 0-0 10. Be2 a5 11. a4 Ba6 12. Nb5 Ne8 13. 0-0 Bxb5 14. axb5 Nd7 15. Nc4 Qa7 16. Rxa5 Qb7 17. Qa4 Nc7 18. Be3 Nb6 19. Nxb6 Qxb6 20. b4 Bc3 21. Rxa8 Rxa8 22. bxc5 dxc5 23. Qc4 Bd4 24. Bxd4 cxd4 25. Rc1 1-0

[Event "Birigui IRT Semana Olimpica SESC"]
[Site "Birigui"]
[Date "2008.06.21"]
[Round "3.3"]
[White "Santos, Renato Andrade"]
[Black "Jorge, Denrick Cabral Jose"]
[Result "1-0"]
[WhiteElo "2259"]
[BlackElo "1958"]
[PlyCount "109"]
[EventDate "2008.06.20"]
[EventType "swiss"]
[EventRounds "6"]
[EventCountry "BRA"]
[SourceTitle "EXT 2022"]
[Source "ChessBase"]
[SourceDate "2021.10.06"]
[SourceVersion "1"]
[SourceVersionDate "2021.10.06"]
[SourceQuality "1"]

1. d4 Nf6 2. c4 c5 3. Nf3 g6 4. Nc3 cxd4 5. Nxd4 Bg7 6. e4 Nc6 7. Be3 0-0 8. Be2 d6 9. 0-0 Bd7 10. Qd2 Re8 11. f3 Rc8 12. Rfd1 a6 13. Rac1 h5 14. Bf1 Kh7 15. Nc2 Ne5 16. b3 Qa5 17. Nd4 Red8 18. Bg5 Ng8 19. Nd5 Qxd2 20. Rxd2 f6 21. Be3 Nc6 22. Rcd1 Nxd4 23. Bxd4 Bc6 24. Bb6 Rd7 25. g3 e6 26. Nb4 Bf8 27. Nxc6 Rxc6 28. Ba5 Ne7 29. Bb4 Nc8 30. Bc3 f5 31. Bb4 Rf7 32. exf5 gxf5 33. f4 Rd7 34. Bg2 Rcc7 35. Re1 Re7 36. Rde2 b6 37. Rxe6 Rxe6 38. Rxe6 b5 39. Bd5 Nb6 40. Bxd6 Bxd6 41. Rxd6 Nxd5 42. Rxd5 bxc4 43. bxc4 Rxc4 44. Rxf5 Rc1+ 45. Kg2 Rc2+ 46. Kh3 Rxa2 47. Rxh5+ Kg6 48. Rc5 a5 49. Kg4 a4 50. Rc6+ Kg7 51. Ra6 a3 52. h4 Ra1 53. Kg5 a2 54. Ra7+ Kg8 55. g4 1-0

[Event "Sao Jose de Rio Preto-A"]
[Site "Sao Jose de Rio Preto"]
[Date "2008.03.28"]
[Round "9"]
[White "Quiroga, Facundo"]
[Black "Santos, Renato Andrade"]
[Result "1-0"]
[WhiteElo "2331"]
[BlackElo "2259"]
[PlyCount "69"]
[EventDate "2008.03.24"]
[EventType "tourn"]
[EventRounds "11"]
[EventCountry "BRA"]
[EventCategory "3"]
[SourceTitle "CBM 123 Extra"]
[Source "ChessBase"]
[SourceDate "2008.05.06"]
[SourceVersion "1"]
[SourceVersionDate "2008.05.06"]
[SourceQuality "1"]

1. d4 Nf6 2. c4 e6 3. Nf3 d5 4. Nc3 c6 5. e3 Nbd7 6. Bd3 Bd6 7. 0-0 0-0 8. e4 dxc4 9. Bxc4 e5 10. Bg5 h6 11. Bh4 Qc7 12. d5 cxd5 13. Bxd5 Nxd5 14. Nxd5 Qb8 15. Be7 Bxe7 16. Nxe7+ Kh8 17. Nxc8 Qxc8 18. Rc1 Qd8 19. Qd5 Nf6 20. Qxb7 Qa5 21. Rc7 Qxa2 22. Nxe5 Kg8 23. Nc6 Qe6 24. f3 a5 25. Rd1 a4 26. Qb4 Qa2 27. e5 Nh7 28. f4 a3 29. bxa3 Rxa3 30. f5 Ra4 31. Qd2 Rfa8 32. e6 fxe6 33. Ne7+ Kh8 34. Ng6+ Kg8 35. Qd7 1-0

[Event "Sao Jose de Rio Preto op"]
[Site "Sao Jose de Rio Preto"]
[Date "2008.03.22"]
[Round "5"]
[White "Pires, Marcos Vinicius Tor"]
[Black "Santos, Renato Andrade"]
[Result "1/2-1/2"]
[WhiteElo "2126"]
[BlackElo "2259"]
[PlyCount "29"]
[EventDate "2008.03.20"]
[EventType "swiss"]
[EventRounds "5"]
[EventCountry "BRA"]
[SourceTitle "CBM 123 Extra"]
[Source "ChessBase"]
[SourceDate "2008.05.06"]
[SourceVersion "1"]
[SourceVersionDate "2008.05.06"]
[SourceQuality "1"]

1. e4 c5 2. c3 g6 3. d4 cxd4 4. cxd4 d5 5. Nc3 dxe4 6. Bc4 Nf6 7. Qb3 e6 8. d5 exd5 9. Nxd5 Bg7 10. Bg5 0-0 11. 0-0-0 Nbd7 12. Nh3 Nc5 13. Qb5 Nd3+ 14. Bxd3 Qxd5 15. Qxd5 1/2-1/2

[Event "Barrinha Gardengui op"]
[Site "Barrinha"]
[Date "2007.11.17"]
[Round "5.2"]
[White "Frare, Fernando Cesar"]
[Black "Santos, Renato Andrade"]
[Result "1/2-1/2"]
[WhiteElo "2252"]
[BlackElo "2265"]
[PlyCount "25"]
[EventDate "2007.11.15"]
[EventType "swiss"]
[EventRounds "7"]
[EventCountry "BRA"]
[SourceTitle "EXT 2022"]
[Source "ChessBase"]
[SourceDate "2021.10.06"]
[SourceVersion "1"]
[SourceVersionDate "2021.10.06"]
[SourceQuality "1"]

1. d4 Nf6 2. Nf3 g6 3. g3 d5 4. Bg2 Bg7 5. 0-0 0-0 6. c3 c6 7. Nbd2 Bf5 8. Nh4 Bg4 9. h3 Bc8 10. Qc2 Nbd7 11. e4 e5 12. dxe5 Nxe5 13. f4 1/2-1/2

[Event "Braganca Paulista JAI"]
[Site "Braganca Paulista"]
[Date "1997.10.??"]
[Round "3"]
[White "Hoffman, Alejandro"]
[Black "Santos, Renato Andrade"]
[Result "1-0"]
[WhiteElo "2465"]
[BlackElo "2265"]
[PlyCount "117"]
[EventDate "1997.10.11"]
[EventType "team-swiss"]
[EventRounds "7"]
[EventCountry "BRA"]
[SourceTitle "EXT 2022"]
[Source "ChessBase"]
[SourceDate "2021.10.06"]
[SourceVersion "1"]
[SourceVersionDate "2021.10.06"]
[SourceQuality "1"]

1. d4 Nf6 2. c4 c5 3. d5 b5 4. cxb5 a6 5. b6 a5 6. Nc3 Ba6 7. f4 g6 8. Nf3 Bg7 9. e4 0-0 10. e5 Ne8 11. Bxa6 Rxa6 12. 0-0 d6 13. Qe2 Rxb6 14. Nd2 Nc7 15. Nc4 Ra6 16. Rd1 a4 17. a3 Qd7 18. Be3 Nb5 19. Ne4 Rd8 20. Qf2 Qf5 21. Ng3 Qc8 22. Rac1 Qb7 23. Ne4 Nd7 24. Qh4 Re8 25. Ng5 Nf8 26. Qh3 Qb8 27. Qf3 Qc8 28. h3 h6 29. Ne4 Nh7 30. Kh1 Rf8 31. Ng3 Qd7 32. Qe4 Qe8 33. Re1 Qd8 34. Rcd1 Ra8 35. f5 g5 36. f6 exf6 37. exd6 Re8 38. Qd3 Nxd6 39. Nxd6 Qxd6 40. Nf5 Qd7 41. Bxc5 Nf8 42. Bxf8 Bxf8 43. Qf3 Rab8 44. Rxe8 Rxe8 45. d6 Re5 46. Rd5 Re8 47. Qd3 Rc8 48. Qd4 Re8 49. Qxf6 Re6 50. Qd4 Re8 51. h4 gxh4 52. Qxh4 Re6 53. Qg4+ Kh7 54. Ne3 Bxd6 55. Qf5+ Kh8 56. Rd1 Qe7 57. Qh3 Bf4 58. Nf1 Re1 59. Qc3+ 1-0

[Event "Braganca Paulista JAI"]
[Site "Braganca Paulista"]
[Date "1997.10.??"]
[Round "5"]
[White "Santos, Renato Andrade"]
[Black "Name, Gabriel Ricardo"]
[Result "0-1"]
[WhiteElo "2265"]
[BlackElo "2255"]
[PlyCount "108"]
[EventDate "1997.10.11"]
[EventType "team-swiss"]
[EventRounds "7"]
[EventCountry "BRA"]
[SourceTitle "EXT 2022"]
[Source "ChessBase"]
[SourceDate "2021.10.06"]
[SourceVersion "1"]
[SourceVersionDate "2021.10.06"]
[SourceQuality "1"]

1. e4 e6 2. d4 d5 3. e5 c5 4. c3 Nc6 5. Nf3 Bd7 6. Be2 Nge7 7. 0-0 Ng6 8. a3 c4 9. Re1 Be7 10. Bf1 Na5 11. Nbd2 0-0 12. g3 Qe8 13. h4 Ba4 14. Qe2 Bd8 15. Bh3 Ne7 16. Kg2 Qc6 17. Nf1 Nb3 18. Rb1 Nxc1 19. Rbxc1 a5 20. Ne3 Bc7 21. Nh2 b5 22. f4 g6 23. Nhg4 Kg7 24. Nf6 Ng8 25. Nxg8 Rxg8 26. Kh2 b4 27. Bg2 bxa3 28. bxa3 Rab8 29. Rb1 Rb3 30. Rxb3 Bxb3 31. Ra1 Bd8 32. Kg1 Be7 33. Kf2 Qe8 34. Qd2 Qf8 35. Qc1 Kh8 36. Bf3 Qg7 37. Qh1 Qf8 38. Qc1 Qg7 39. Qh1 Ba4 40. Qc1 Rb8 41. Kg1 Qf8 42. Be2 Rb3 43. Bd1 Bxa3 44. Qd2 Rb2 45. Nc2 Bb3 46. Kf1 a4 47. Kg1 Be7 48. Qc1 a3 49. Ne3 Bxd1 50. Nxd1 Rb3 51. Ra2 Qb8 52. Kf1 Rb1 53. Qc2 Qb3 54. Ke2 Rc1 0-1

[Event "Sao Paulo CCM CAP"]
[Site "Sao Paulo"]
[Date "1995.04.??"]
[Round "2"]
[White "D'Israel, Davy Maurice"]
[Black "Santos, Renato Andrade"]
[Result "1-0"]
[WhiteElo "2250"]
[BlackElo "2330"]
[PlyCount "45"]
[EventDate "1995.??.??"]
[EventType "tourn"]
[EventRounds "11"]
[EventCountry "BRA"]
[EventCategory "3"]
[SourceTitle "EXT 2003"]
[Source "ChessBase"]
[SourceDate "2002.11.25"]
[SourceVersion "1"]
[SourceVersionDate "2002.11.25"]
[SourceQuality "1"]

1. d4 Nf6 2. c4 c5 3. d5 b5 4. cxb5 a6 5. b6 a5 6. Nc3 Ba6 7. e4 Bxf1 8. Kxf1 d6 9. Nf3 g6 10. e5 dxe5 11. Nxe5 Bg7 12. Nc4 0-0 13. Bf4 Qc8 14. Qe2 Qb7 15. Rd1 Na6 16. h4 Nb4 17. Qf3 Qa6 18. b3 Nd7 19. Bc7 Qb7 20. Ne4 a4 21. d6 Qa6 22. dxe7 Rfe8 23. Rxd7 1-0

[Event "Sao Paulo CCM CAP"]
[Site "Sao Paulo"]
[Date "1995.04.??"]
[Round "6"]
[White "Santos, Renato Andrade"]
[Black "De Souza, Mauro Guimaraes"]
[Result "1/2-1/2"]
[WhiteElo "2330"]
[BlackElo "2355"]
[PlyCount "116"]
[EventDate "1995.??.??"]
[EventType "tourn"]
[EventRounds "11"]
[EventCountry "BRA"]
[EventCategory "3"]
[SourceTitle "EXT 2003"]
[Source "ChessBase"]
[SourceDate "2002.11.25"]
[SourceVersion "1"]
[SourceVersionDate "2002.11.25"]
[SourceQuality "1"]

1. e4 e5 2. Nf3 Nc6 3. Bc4 Bc5 4. b4 Bb6 5. a4 a6 6. c3 Nf6 7. d3 d6 8. 0-0 0-0 9. Nbd2 Qe7 10. Bb3 h6 11. Nc4 Ba7 12. Be3 Be6 13. Bxa7 Rxa7 14. Re1 Raa8 15. Ne3 Bxb3 16. Qxb3 Qe6 17. Qb2 Ne7 18. c4 Rfb8 19. Nd5 Nfxd5 20. cxd5 Qd7 21. d4 f6 22. dxe5 fxe5 23. Qb3 Ng6 24. Nd2 Rf8 25. Re3 Qg4 26. f3 Qg5 27. g3 h5 28. Kh1 h4 29. Rg1 hxg3 30. Rxg3 Qh6 31. Nf1 Nf4 32. Qc2 Rf7 33. Rc3 Raf8 34. Qd2 Qh4 35. Rg4 Qh3 36. Ng3 g6 37. Qf2 Rh7 38. Ne2 Qh6 39. Nxf4 Rxf4 40. Rg3 Rhf7 41. Qg2 Kg7 42. Rh3 Rh4 43. Rg3 Qh5 44. Qc2 Rh3 45. Kg1 Rxg3+ 46. hxg3 Qh3 47. Qh2 Qd7 48. Qc2 Kg8 49. g4 Rh7 50. Rd3 Qd8 51. Rd1 Qh4 52. Qg2 Qh6 53. Rd2 Qe3+ 54. Qf2 Qb3 55. Kg2 Qxa4 56. Qa7 Rf7 57. Qxb7 Qb3 58. Rf2 Qc4 1/2-1/2